<?xml version="1.0" encoding="UTF-8"?><?xml-stylesheet type="text/xsl" href="static/style.xsl"?><OAI-PMH xmlns="http://www.openarchives.org/OAI/2.0/" xmlns:xsi="http://www.w3.org/2001/XMLSchema-instance" xsi:schemaLocation="http://www.openarchives.org/OAI/2.0/ http://www.openarchives.org/OAI/2.0/OAI-PMH.xsd"><responseDate>2026-04-27T13:00:16Z</responseDate><request verb="GetRecord" identifier="oai:uvadoc.uva.es:10324/34809" metadataPrefix="marc">https://uvadoc.uva.es/oai/request</request><GetRecord><record><header><identifier>oai:uvadoc.uva.es:10324/34809</identifier><datestamp>2021-06-29T23:24:11Z</datestamp><setSpec>com_10324_38</setSpec><setSpec>col_10324_852</setSpec></header><metadata><record xmlns="http://www.loc.gov/MARC21/slim" xmlns:doc="http://www.lyncode.com/xoai" xmlns:xsi="http://www.w3.org/2001/XMLSchema-instance" xmlns:dcterms="http://purl.org/dc/terms/" xsi:schemaLocation="http://www.loc.gov/MARC21/slim http://www.loc.gov/standards/marcxml/schema/MARC21slim.xsd">
<leader>00925njm 22002777a 4500</leader>
<datafield tag="042" ind1=" " ind2=" ">
<subfield code="a">dc</subfield>
</datafield>
<datafield tag="720" ind1=" " ind2=" ">
<subfield code="a">Cerezo Blanco, Ana</subfield>
<subfield code="e">author</subfield>
</datafield>
<datafield tag="260" ind1=" " ind2=" ">
<subfield code="c">2019</subfield>
</datafield>
<datafield tag="520" ind1=" " ind2=" ">
<subfield code="a">El objeto de estudio de este trabajo fin de grado es el diseño de un proyecto que supone una continuación de la práctica realizada en un colegio de EE. UU. en el ámbito de la enseñanza del español como segunda lengua, a través de la cultura y el arte de España y más concretamente tomando como referencia la ciudad de Segovia. El proceso se ha basado en la búsqueda de fuentes, su lectura y la correspondiente síntesis bibliográfica en torno a la cultura y el arte y su justificada relación con la enseñanza del español como lengua extranjera en Educación Infantil y se ha desarrollado a continuación una propuesta de intervención en el aula basada en la misma metodología que guía este proceso de enseñanza-aprendizaje</subfield>
</datafield>
<datafield tag="024" ind2=" " ind1="8">
<subfield code="a">http://uvadoc.uva.es/handle/10324/34809</subfield>
</datafield>
<datafield ind1=" " ind2=" " tag="653">
<subfield code="a">Arte-Estudio y enseñanza (Infantil)</subfield>
</datafield>
<datafield ind1=" " ind2=" " tag="653">
<subfield code="a">Español (Lengua)-Estudio y enseñanza (Infantil)</subfield>
</datafield>
<datafield tag="245" ind1="0" ind2="0">
<subfield code="a">Enseñanza de la lengua española en educación infantil a través del arte y la cultura</subfield>
</datafield>
</record></metadata></record></GetRecord></OAI-PMH>